Sentido teológico de la muerte /

Сохранить в:
Библиографические подробности
Главный автор: Rahner, Karl (autor)
Другие авторы: Ruiz Bueno, Daniel (traducción) (traducción)
Формат:
Язык:испанский
Опубликовано: Barcelona, España : Herder, 1965, c1965
Серии:(Quaestiones Disputatae)
Предметы:
Метки: Добавить метку
Нет меток, Требуется 1-ая метка записи!

MARC

LEADER 00000nam^a2200000^a^4500
001 000182355
005 20250521000000.0
009 20260310102003.991
037 |a Acervo ITESO - Biblioteca 
041 |a ESP 
082 |a 236. 1  |b RAH 
100 |a Rahner, Karl  |e (autor) 
240 1 1 |a [Sentido teológico de la muerte] 
245 1 0 |a Sentido teológico de la muerte /  |c K. Rahner ; tr. por D. Ruiz Bueno. 
264 4 |a Barcelona, España :  |b Herder,  |c 1965, c1965 
300 |a 128 p. 
336 |a texto  |b txt  |2 rdacontenido 
337 |a sin mediación  |b n  |2 rdamedio 
338 |a volumen  |b nc  |2 rdasoporte 
440 1 |a (Quaestiones Disputatae) 
500 |a Traducción de: Zur Theologie des Todes 
649 |a XX 
650 |a Muerte -  |x Tema Principal 
650 |a Alma y Cuerpo 
650 |a Teología Doctrinal 
650 |a Catolicismo 
650 |a Cristianismo 
650 |a Religión 
700 |a Ruiz Bueno, Daniel  |e (traducción) 
910 |a Fondo General 
920 |a Impresos - Libros 
930 |a Colección General 
905 |a 101 
901 |a 0500122302  |b IT1  |c ACC  |u 20250521 
902 |a https://opac.biblio.iteso.mx/vufind/Record/000182355